000 00569nam a2200157 a 4500
001 000016542
005 20200929164927.0
008 100308s1977 dr c 000 0 spa d
040 _aDO-SdBNP
_bspa
_cBNPHU
082 _a610.92
_bM186
245 0 0 _aMaestros de la medicina dominicana :
_bhomenaje del movimiento médico renovador a los maestros de la medicina en la República Dominicana.
260 _aSanto Domingo :
_bAsociación Médica Dominicana,
_c1977.
300 _a133 p. :
_bretr. ;
_c23 cm.
650 4 _aMedicina
_zRepublica Dominicana
_920090
049 _aBNPD
999 _c16075
_d16075